Word Ladder: Woody Allen Quiz Stats

 Plays Quiz Updated Sep 18, 2012

Support Sporcle.
Go Orange.
Score 0/15 Timer 01:30
0 Plays Today
Hint Word % Correct
Boxer TysonMIKE
95.6%
★ Woody Allen Movie: ____ the Money and Run ★TAKE
94.1%
Create, formMAKE
93.9%
Small rodentsMICE
93.9%
Edible grainsRICE
91.6%
Go upwardRISE
91.3%
Water sprayerHOSE
89%
★ Woody Allen Movie: The Purple ____ of Cairo ★ROSE
86.6%
Hint Word % Correct
Hollow spaceHOLE
85.4%
DomesticatedTAME
85.2%
★ Woody Allen Movie: Annie ____HALL
84.5%
Woman of honorDAME
79.6%
In good healthHALE
75.4%
River wallsDAMS
68.9%
★ Woody Allen Movie: Radio ____DAYS
44.7%

Today's Daily Dose

Quick Pick
Nissan Models

Get the Picture
Amazing Trees

From the Vault

Follow That Line: Shakespeare

by Puzzgal

O Romeo, Romeo, wherefore art thou... ugh, we forget the next line, can someone help us out?
Remove Ads.
Support Sporcle.
Get the best of Sporcle when you Go Orange. This ad-free experience offers more features, more stats, and more fun while also helping to support Sporcle. Thank you for becoming a member.

Show Comments

Extras

Top Quizzes Today


Score Distribution

Your Account Isn't Verified!

In order to create a playlist on Sporcle, you need to verify the email address you used during registration. Go to your Sporcle Settings to finish the process.

Report this User

Report this user for behavior that violates our Community Guidelines.

Details: